000 00898nam a22002417a 4500
005 20250520124046.0
008 250520b |||||||| |||| 00| 0 eng d
020 _a9780124114616
040 _aDLC
_beng
_cDLC
_erda
_dKMU
050 0 0 _aHD38.7
100 1 _aSherman, Rick.
245 1 0 _aBusiness intelligence guidebook :
_bfrom data integration to analytics /
_cRick Sherman.
264 1 _aAmsterdam :
_bElsevier, Morgan Kaufmann is an imprint of Elsevier,
_c[2015]
300 _axxiii, 525 pages ;
_c24 cm
336 _atext
_2rdacontent
337 _aunmediated
_2rdamedia
338 _avolume
_2rdacarrier
504 _aIncludes bibliographical references and index.
650 0 _aBusiness intelligence.
906 _a7
_bcbc
_corignew
_d1
_eecip
_f20
_gy-gencatlg
942 _2lcc
_cBK
_n0
999 _c1856
_d1856